| 000 | 00665cam a22001932 4500 | ||
|---|---|---|---|
| 001 | 0000005028 | ||
| 005 | 20151217161556.0 | ||
| 008 | 070605s xx 000 0 eng d | ||
| 040 |
_aKABU _cKABU |
||
| 050 | 0 |
_aT173.8 _b.M88 |
|
| 100 | 1 |
_aMutanu, Leah. _@0000156084 |
|
| 245 | 1 | 0 |
_aTechnology diffusion models for strategic management purposes : _ba case of integrated systems in Kenya. |
| 300 | _a82 leaves. | ||
| 500 | _aThesis (Msc in Information Systems) - University of Nairobi, 2004. | ||
| 650 | 0 |
_aTechnological innovations. _@0000033363 |
|
| 908 | _a070605 | ||
| 950 | _@1 | ||
| 999 |
_c15344 _d15344 |
||